000 01379nam a2200409 c 4500
001 11744
003 ES-MaCES
005 20181226105928.0
008 010228s2000 sp t 000 | spa d
017 _aM 50407-2000
_bDL
020 _a8447015491
035 _aCES20010002237m
040 _aES-MaCES
_bspa
_cES-MaCES
100 1 _aLucas Murillo de la Cueva, Enrique
_917114
245 1 0 _aComunidades Autónomas y política europea
_cEnrique Lucas Murillo de la Cueva
250 _a1ª ed
260 _aMadrid
_bCivitas
_c2000
300 _a153 p.
_c18 cm
490 1 _aCuadernos Cívitas
500 _aEn la port., además: IVAP, Herri Arduralaritzaren Euskal Erakundea, Organismo Autónomo del Gobierno Vasco
504 _aBibliografía: p. 147-153
541 _cCompra
650 4 _aComunidades Autónomas
_930768
650 4 _atransferencia de competencias
_930889
650 4 _adesarrollo institucional
_929802
650 4 _atoma de decisiones
_928194
650 4 _apolítica comunitaria
_930776
650 4 _aEspaña
_926964
653 1 0 _aAdministración-Instituciones públicas
650 4 _927897
_acompetencia
650 4 _926752
_aUE
710 2 _aInstituto Vasco de Administración Pública
_94339
830 0 _aCuadernos Cívitas
_932152
902 _aLIB Libro
942 _2CES
_cBK
_h6.3.
999 _c11744
_d11744